书目信息 |
| 题名: |
工厂供电
|
|
| 作者: | 戴绍基 主编 | |
| 分册: | ||
| 出版信息: | 北京 机械工业出版社 2002.5 |
|
| 页数: | 323页 | |
| 开本: | 26cm | |
| 丛书名: | ||
| 单 册: | ||
| 中图分类: | TM727.3 | |
| 科图分类: | ||
| 主题词: | 工厂--供电--中等专业教育--教材 , CT--S025703--工厂 , CT--S026472--供电 | |
| 电子资源: | ||
| ISBN: | 7-111-10354-8 | |
| 000 | 00925nam0 2200289 450 | |
| 001 | CALS012002996952 | |
| 005 | 20021029173146.0 | |
| 010 | @a7-111-10354-8@d25.00CNY | |
| 035 | @a0102900471 | |
| 099 | @aCALS012002996952 | |
| 100 | @a20020926d2002 em y0chiy0110 ea | |
| 101 | 0 | @achi |
| 102 | @aCN@b110000 | |
| 105 | @ay z 000yy | |
| 200 | 1 | @a工厂供电@f戴绍基主编 |
| 210 | @a北京@c机械工业出版社@d2002.5 | |
| 215 | @a323页@d26cm | |
| 300 | @a中等职业教育国家规划教材(电气运行与控制专业) | |
| 330 | @a本书内容包括:工厂供电的有关知识;工厂供电系统的主要电气设备;工厂供电系统的结线和结构;负荷计算和短路计算;电气和导体的选择与校验;工厂的电气照明等。 | |
| 606 | 0 | @a工厂@x供电@x中等专业教育@j教材 |
| 606 | 0 | @2CT@3S025703@a工厂 |
| 606 | 0 | @2CT@3S026472@a供电 |
| 690 | @aTM727.3@v4 | |
| 701 | 0 | @a戴绍基@4主编 |
| 801 | 0 | @aCN@bNLC@c20021112 |
| 905 | @a10447@dTM727.3@eD120 | |
| 906 | @dCNY25.00@n0@r1 | |
| 工厂供电/戴绍基主编.-北京:机械工业出版社,2002.5 |
| 323页;26cm |
| 中等职业教育国家规划教材(电气运行与控制专业) |
| ISBN 7-111-10354-8:25.00CNY |
| 本书内容包括:工厂供电的有关知识;工厂供电系统的主要电气设备;工厂供电系统的结线和结构;负荷计算和短路计算;电气和导体的选择与校验;工厂的电气照明等。 |
| ● |
| 相关链接 |
|
|
|
正题名:工厂供电
索取号:TM727.3/D120
 
预约/预借
| 序号 | 登录号 | 条形码 | 馆藏地/架位号 | 状态 | 备注 |
| 1 | 537274 | 205372746 | 能源与建筑环境工程学院资料室/504自科库 10排3列3层/ [索取号:TM727.3/D120] | 在馆 | |
| 2 | 537275 | 205372755 | 自科二线504/504自科库 10排3列3层/ [索取号:TM727.3/D120] | 在馆 | |
| 3 | 537276 | 205372764 | 期刊室512/301自科库 12排4列2层/ [索取号:TM727.3/D120] | 在馆 |